International perspectives on education for democracy in the preparation of teachers (Record no. 3484)
[ view plain ]
| 000 -LEADER | |
|---|---|
| fixed length control field | 00289nam a22000977a 4500 |
| 005 - DATE AND TIME OF LATEST TRANSACTION | |
| control field | 20250901165416.0 |
| 008 - FIXED-LENGTH DATA ELEMENTS--GENERAL INFORMATION | |
| fixed length control field | 210324b ||||| |||| 00| 0 eng d |
| 010 ## - LIBRARY OF CONGRESS CONTROL NUMBER | |
| LC control number | LB1727 .C58 2003 |
| 245 ## - TITLE STATEMENT | |
| Title | International perspectives on education for democracy in the preparation of teachers |
| 942 ## - ADDED ENTRY ELEMENTS (KOHA) | |
| Source of classification or shelving scheme | Dewey Decimal Classification |
| Withdrawn status | Lost status | Source of classification or shelving scheme | Damaged status | Not for loan | Home library | Current library | Shelving location | Date acquired | Total checkouts | Full call number | Barcode | Date last seen | Price effective from | Koha item type |
|---|---|---|---|---|---|---|---|---|---|---|---|---|---|---|
| Library of Congress Classification | Main Library | Main Library | 03/24/2021 | LB1727 .C58 2003 | PIU0190912 | 03/24/2021 | 03/24/2021 | Books |